Central Library OPAC University of Rajshahi

Employees' welfare in Pakistan; (Record no. 3729)

MARC details
000 -LEADER
fixed length control field 00790cam a2200241u 4500
001 - CONTROL NUMBER
control field 3729
003 - CONTROL NUMBER IDENTIFIER
rucl marc code BD-RjUL
005 - DATE AND TIME OF LATEST TRANSACTION
control field 20211208233757.0
008 - FIXED-LENGTH DATA ELEMENTS--GENERAL INFORMATION
fixed length control field 131219s1955 pk 100 0 eng
035 ## - SYSTEM CONTROL NUMBER
System control number (BD-RjUL)3763
040 ## - CATALOGING SOURCE
Original cataloging agency DLC
Transcribing agency CarP
Modifying agency DLC
Language of cataloging eng
041 ## - LANGUAGE CODE
Language code of text/sound track or separate title eng
082 ## - DEWEY DECIMAL CLASSIFICATION NUMBER
Edition number 16
Classification number 331.83
Author mark and year EMP 1955
111 2# - MAIN ENTRY--MEETING NAME
Meeting name or jurisdiction name as entry element Seminar on Employees' Welfare,
Location of meeting Karachi,
Date of meeting 1955. [from old catalog]
9 (RLIN) 133979
245 10 - TITLE STATEMENT
Title Employees' welfare in Pakistan;
260 ## - PUBLICATION, DISTRIBUTION, ETC. (IMPRINT)
Place of publication, distribution, etc. Karachi :
Name of publisher, distributor, etc. Pakistan Institute of Personnel Administration,
Date of publication, distribution, etc. 1955
300 ## - PHYSICAL DESCRIPTION
Pagination ix, 236 p.
Size 22 cm.
526 ## - STUDY PROGRAM INFORMATION NOTE
Requested Dept. Sociology
650 #0 - SUBJECT ADDED ENTRY--TOPICAL TERM
Topical term or geographic name as entry element Industrial welfare
Geographic subdivision Pakistan
Form subdivision Congresses.
9 (RLIN) 11843
710 2# - ADDED ENTRY--CORPORATE NAME
Corporate name or jurisdiction name as entry element Pakistan Institute of Personnel Administration. [from old catalog]
9 (RLIN) 11844
942 ## - ADDED ENTRY ELEMENTS (KOHA)
Source of classification or shelving scheme Dewey Decimal Classification
Koha item type Books
Holdings
Lost status Source of classification or shelving scheme Damaged status Not for loan Collection code Permanent Location Current Location Shelving location Date acquired Source of acquisition Cost, normal purchase price Total Checkouts Full call number Date last seen Copy number Koha item type
  Dewey Decimal Classification     Non-fiction Central Library, University of Rajshahi Central Library, University of Rajshahi   10/06/1964 pak law 85.00   331.83 EMP 1955 19/12/2013 C-2 Books
  Dewey Decimal Classification     Non-fiction Central Library, University of Rajshahi Central Library, University of Rajshahi   16/06/1964 pok low house 25.00   331.83 EMP 1955 25/06/2016 C-3 Books
  Dewey Decimal Classification     Non-fiction Central Library, University of Rajshahi Central Library, University of Rajshahi   16/06/1964 pok low house 25.00   331.83 EMP 1955 25/06/2016 C-4 Books
  Dewey Decimal Classification   Not For Loan Non-fiction Central Library, University of Rajshahi Central Library, University of Rajshahi Reading Room 23/02/1967 Pak, Law House 16.00   331.83 EMP 1955 04/09/2019 C-1 Books